000 00289nam a22001337a 4500
008 180309b xxu||||| |||| 00| 0 eng d
020 _a0674165101
041 _aeng
080 _a321
100 _a20
101 _aSHP
245 _aCONSERVATISM IN AMERICA
_cWill, G.F
942 _2udc
_cBK
999 _c44634
_d44634